000 00980cab a22002535a 4500
001 L159999
008 150113e2016 xxk 000 0 eng d
035 _a(Sirsi) u159999
041 0 _aeng
050 _a344.410465
100 1 _aAppleby, Mike
245 0 0 _aGetting serious
_h[electronic resource]
260 _aLondon
_bRICS
_c2016
490 _aRICS Building Surveying Journal
_vJuly 2016 - August 2016, 11(1)
520 _aReviews the tougher new sentencing guidelines Health and Safety Offences, Corporate Manslaughter and Food Safety and Hygiene Offences.
650 2 4 _aCORPORATE MANSLAUGHTER AND CORPORATE HOMICIDE ACT 2007
650 2 4 _aHEALTH AND SAFETY AT WORK ETC ACT 1974
650 2 4 _aCORPORATE MANSLAUGHTER
650 2 4 _aR V THAMES WATER
651 4 _aUnited Kingdom
_y
690 _aHealth and safety
_96244
856 4 0 _uhttps://www.rics.org/Global/BSJ%20BCJ%20July%20August%202016.pdf
_zView the article free of charge at www.rics.org...
942 _n0
999 _c85115
_d85115